Ateliérová tvorba I.,II. : Konštrukčný detail - izolácie proti vode

Salvato in:
Dettagli Bibliografici
Autore principale: Zábojník, Jozef (Autore)
Natura: Libro
Lingua:slovacco
Pubblicazione: Bratislava : SVŠT v Bratislave, 1983
Tags: Aggiungi Tag
Nessun Tag, puoi essere il primo ad aggiungerne!!

MARC

LEADER 00000nam a22000003a 4500
001 stu82255
005 20150617225636.9
008 031028s1983----cs------------------slo-d
040 |a STU  |b slo 
041 0 |a slo 
044 |a cs 
080 |a 624.02 
080 |a 699.82 
100 1 |a Zábojník, Jozef  |4 aut 
245 1 |a Ateliérová tvorba I.,II. :  |b Konštrukčný detail - izolácie proti vode 
260 |a Bratislava :  |b SVŠT v Bratislave,  |c 1983 
300 |a 123 s.;tab.,schémy 
996 |b 284V025526  |c V*13599/S-83  |l VVS  |s A  |a 24  |w stu82255_0001 
996 |b 284V025527  |c V*13601/S-83  |l VVS  |s A  |a 24  |w stu82255_0002